Fra Angelico / (Record no. 17199)
[ view plain ]
| 000 -LEADER | |
|---|---|
| fixed length control field | 00999cam a2200289 i 4500 |
| 008 - FIXED-LENGTH DATA ELEMENTS--GENERAL INFORMATION | |
| fixed length control field | 750326s1974 nyuaf bc 001 0beng |
| 010 ## - LIBRARY OF CONGRESS CONTROL NUMBER | |
| LC control number | 74009200 |
| 020 ## - INTERNATIONAL STANDARD BOOK NUMBER | |
| International Standard Book Number | 0801408555 |
| 050 00 - LIBRARY OF CONGRESS CALL NUMBER | |
| Classification number | ND623.F5 P65 1974 |
| 100 ## - MAIN ENTRY--PERSONAL NAME | |
| Personal name | Pope-Hennessy, John |
| 245 00 - TITLE STATEMENT | |
| Title | Fra Angelico / |
| Statement of responsibility, etc. | John Pope-Hennessy. |
| 250 ## - EDITION STATEMENT | |
| Edition statement | 2d ed. |
| 260 ## - PUBLICATION, DISTRIBUTION, ETC. (IMPRINT) | |
| Place of publication, distribution, etc. | Ithaca, N.Y. : |
| Name of publisher, distributor, etc. | Cornell University Press, |
| Date of publication, distribution, etc. | 1974. |
| 300 ## - PHYSICAL DESCRIPTION | |
| Extent | vi, 242 p., [32] leaves of plates : |
| Other physical details | ill. (some col.) ; |
| Dimensions | 32 cm. |
| 500 ## - GENERAL NOTE | |
| General note | Includes index. |
| 650 ## - SUBJECT ADDED ENTRY--TOPICAL TERM | |
| Topical term or geographic name as entry element | Fra |
| General subdivision | Angelico. |
| 942 ## - ADDED ENTRY ELEMENTS (KOHA) | |
| Source of classification or shelving scheme | |
| Koha item type | Hard Covered Materials |
| Classification part | ND623.F5 P65 1974 |
| Withdrawn status | Lost status | Source of classification or shelving scheme | Damaged status | Not for loan | Home library | Current library | Shelving location | Date acquired | Source of acquisition | Total Checkouts | Full call number | Barcode | Date last seen | Price effective from | Koha item type |
|---|---|---|---|---|---|---|---|---|---|---|---|---|---|---|---|
| MACHAKOS UNIVERSITY LIBRARY | MACHAKOS UNIVERSITY LIBRARY | Technical section | 22/11/2016 | Donation(BFA) | ND623.F5 P65 1974 | 28055 | 12/07/2018 | 22/11/2016 | Hard Covered Materials |